| 000 | 00542nam a2200205#a 4500 | ||
|---|---|---|---|
| 001 | 02417 | ||
| 003 | HDC | ||
| 007 | ta | ||
| 008 | 230623s2015 xx 000 0 eng d | ||
| 040 | _aHDC | ||
| 050 |
_acphi BP184.98 _b .C64 2015 |
||
| 245 | 0 |
_aCPhI & P-MEC China 2015 : _bVisitors Guide |
|
| 264 |
_aChina : _bUBM Sinoexpo, _c2015. |
||
| 300 |
_avarious paging : _b colour illustrations ; _c 21 cm. |
||
| 650 |
_aPharmaceutical industry _vDirectories. |
||
| 942 | _2lcc | ||
| 942 | _cBK | ||
| 942 | _kcphi BP184.98 | ||
| 942 | _m .C64 2015 | ||
| 999 |
_c23976 _d23976 |
||